| 000 | 00574cam a22002292a 4500 | ||
|---|---|---|---|
| 999 |
_c35428 _d35428 |
||
| 001 | 024613 | ||
| 003 | AR-FADEU | ||
| 005 | 20220607120127.0 | ||
| 008 | 311216n2009####xxu####################dd | ||
| 020 | _a950-695-109-8 | ||
| 040 | _cBiblioteca Ernesto Sábato | ||
| 092 |
_a853.1 _bB664 _eJLS |
||
| 100 | _aBoccaccio, Giovanni | ||
| 245 |
_aEl decamerón (II). _b (Selección) |
||
| 260 | _aBuenos Aires | ||
| 260 | _bAlianza | ||
| 300 | _a96 p | ||
| 440 |
_aBiblioteca Página/12 _n 34 |
||
| 650 | _aLITERATURA ITALIANA | ||
| 650 | _aJLS | ||
| 942 |
_cJLS _2ddc |
||